000 00612nam a2200241Ia 4500
003 OSt
005 20220924143916.0
006 a|||||r|||| 00| 0
007 ta
008 220923b |||||||| |||| 00| 0 urd d
020 _c22,50
024 _a310835
037 _cTextual
040 _aARTS
_cARTS
_burd
041 _2urd
_aurd
082 _aO168,1w2,M8, L4;M2
100 _aNassakh Abduchfoor
_9216823
245 0 _aSukhan-e-shoara
260 _c1982
650 _aURDU LITERATURE
942 _hO168,1w2,M8, L4;M2
_cTEXL
_2CC
999 _c455783
_d455783